000 00386nam a2200133Ia 4500
008 220217s9999||||xx |||||||||||||| ||und||
020 _a0-19-566799-9
082 _a006.32 BIS
100 _aBishop, Christopher, M
245 0 _aNeural networks for pattern recognition
260 _aOxford university press
_bNew Delhi
_c2008
300 _b325
650 _aARTIFICIAL INTELLIGENCE
999 _c176996
_d176996